| 000 | 00593nam a2200145Ia 4500 | ||
|---|---|---|---|
| 008 | 170221s9999 xx 000 0 und d | ||
| 100 | _aMohammed Sangiru Umar | ||
| 245 | _aEffects of Technological Innovation in Relationship between Green Supply Chain Management Practices and Green Performance | ||
| 245 | _cMohammed Sangiru Umar, Ibrahim Danjuma, Dahiru Dauda Hammawa, Sherif Ahmed Habibu | ||
| 260 | _bInternational Review of Management and Marketing | ||
| 260 | _c2012 | ||
| 300 | _a1 : 2 | ||
| 650 | _xMarketing. | ||
| 856 | _uhttp://www.econjournals.com/index.php/irmm/issue/view/88 | ||
| 999 |
_c313923 _d313923 |
||